[Event "Chigorin Memorial 19th"]
[Site "St Petersburg"]
[Date "2011.10.19"]
[Round "6"]
[White "Aminov, Andrey"]
[Black "Mironova, Natalia"]
[Result "1-0"]
[WhiteElo "2029"]
[BlackElo "1811"]
[PlyCount "89"]
[EventDate "2011.10.14"]
[EventType "swiss"]
[EventRounds "9"]
[EventCountry "RUS"]
[SourceTitle "CBM 144 Extra"]
[Source "ChessBase"]
[SourceDate "2011.10.28"]
[SourceVersion "1"]
[SourceVersionDate "2011.10.28"]
[SourceQuality "1"]

1. e4 e6 2. d4 d5 3. Nc3 Bb4 4. e5 c5 5. Bd2 Nc6 6. Nb5 Bxd2+ 7. Qxd2 Nxd4 8. Nxd4 cxd4 9. f4 Nh6 10. Nf3 Nf5 11. 0-0-0 Bd7 12. Nxd4 Nxd4 13. Qxd4 Qa5 14. Kb1 0-0-0 15. Be2 Kb8 16. Rd3 Rc8 17. Ra3 Qc5 18. Qxc5 Rxc5 19. Rg3 Rhc8 20. Rxg7 Rxc2 21. Bd3 Rd2 22. Bxh7 Ba4 23. b3 Bb5 24. h4 d4 25. h5 d3 26. h6 Rf2 27. Rxf7 d2 28. Rd1 Re2 29. Kb2 a5 30. a4 Bc6 31. Rg7 Bxg2 32. Rg8 Bf3 33. Rxc8+ Kxc8 34. Kc3 Rh2 35. Rxd2 Rxh6 36. Bd3 Bd5 37. Bc4 Bxc4 38. Kxc4 Rh4 39. Rd4 Kc7 40. Kb5 b6 41. Rc4+ Kb7 42. Rc6 Ka7 43. Rxb6 Rxf4 44. Kxa5 Rf3 45. b4 1-0

[Event "Chigorin Memorial 19th"]
[Site "St Petersburg"]
[Date "2011.10.16"]
[Round "3"]
[White "Mironova, Natalia"]
[Black "Lysenko, Maria"]
[Result "0-1"]
[WhiteElo "1811"]
[BlackElo "2019"]
[PlyCount "40"]
[EventDate "2011.10.14"]
[EventType "swiss"]
[EventRounds "9"]
[EventCountry "RUS"]
[SourceTitle "CBM 144 Extra"]
[Source "ChessBase"]
[SourceDate "2011.10.28"]
[SourceVersion "1"]
[SourceVersionDate "2011.10.28"]
[SourceQuality "1"]

1. e4 c5 2. c3 Nf6 3. e5 Nd5 4. d4 cxd4 5. Nf3 Nc6 6. cxd4 d6 7. Bc4 Nb6 8. Bb5 dxe5 9. Nxe5 Bd7 10. Nxd7 Qxd7 11. Nc3 e6 12. 0-0 Be7 13. Qg4 0-0 14. Bh6 Bf6 15. Rfd1 Kh8 16. Bxc6 Qxc6 17. Ne4 Bxd4 18. Rxd4 gxh6 19. Qf4 Nd5 20. Nf6 Nxf4 0-1

[Event "Bykova Memorial op (Women)"]
[Site "Suzdal"]
[Date "2010.12.23"]
[Round "9"]
[White "Mironova, Natalia"]
[Black "Sharkova, Vera"]
[Result "1-0"]
[WhiteElo "1834"]
[BlackElo "1974"]
[PlyCount "37"]
[EventDate "2010.12.15"]
[EventType "swiss"]
[EventRounds "9"]
[EventCountry "RUS"]
[SourceTitle "CBM 140 Extra"]
[Source "ChessBase"]
[SourceDate "2011.03.01"]
[SourceVersion "1"]
[SourceVersionDate "2011.03.01"]
[SourceQuality "1"]

1. Nf3 Nc6 2. d4 d5 3. c4 Nf6 4. Nc3 g6 5. cxd5 Nxd5 6. e4 Nxc3 7. bxc3 Bg4 8. Rb1 Rb8 9. Bc4 Bg7 10. Bxf7+ Kf8 11. h3 Bxh3 12. Rxh3 Kxf7 13. Ng5+ Ke8 14. Ne6 Qd6 15. Nxg7+ Kd8 16. Qg4 h5 17. Ne6+ Ke8 18. Qxg6+ Kd7 19. Nc5+ 1-0

[Event "Bykova Memorial op (Women)"]
[Site "Suzdal"]
[Date "2010.12.15"]
[Round "1"]
[White "Mironova, Natalia"]
[Black "Bezgodova, Svetlana"]
[Result "0-1"]
[WhiteElo "1834"]
[BlackElo "2120"]
[PlyCount "56"]
[EventDate "2010.12.15"]
[EventType "swiss"]
[EventRounds "9"]
[EventCountry "RUS"]
[SourceTitle "CBM 140 Extra"]
[Source "ChessBase"]
[SourceDate "2011.03.01"]
[SourceVersion "1"]
[SourceVersionDate "2011.03.01"]
[SourceQuality "1"]

1. e4 d6 2. d4 Nf6 3. Bd3 e5 4. d5 Be7 5. Nf3 Nbd7 6. b4 a5 7. b5 Nc5 8. Qe2 0-0 9. a4 Re8 10. 0-0 Nxd5 11. exd5 e4 12. Ra3 exd3 13. cxd3 Bf6 14. Be3 Bg4 15. Nbd2 Qd7 16. Qd1 Qf5 17. Qc2 Qxd5 18. Rc1 b6 19. Qc4 Qxc4 20. Rxc4 Be6 21. Rc1 Bb2 22. Rac3 Bxc1 23. Rxc1 Re7 24. Bxc5 dxc5 25. d4 cxd4 26. Nxd4 Bd5 27. h3 g6 28. Nc4 Re4 0-1

[Event "Bykova Memorial op (Women)"]
[Site "Suzdal"]
[Date "2009.12.15"]
[Round "7"]
[White "Vasiukova, Ekaterina"]
[Black "Mironova, Natalia"]
[Result "1/2-1/2"]
[WhiteElo "1780"]
[BlackElo "1863"]
[PlyCount "94"]
[EventDate "2009.12.09"]
[EventType "swiss"]
[EventRounds "9"]
[EventCountry "RUS"]
[SourceTitle "EXT 2011"]
[Source "ChessBase"]
[SourceDate "2010.11.26"]
[SourceVersion "1"]
[SourceVersionDate "2010.11.26"]
[SourceQuality "1"]

1. d4 Nf6 2. c4 c5 3. d5 b5 4. cxb5 a6 5. Nc3 axb5 6. Nxb5 d6 7. Nc3 Ba6 8. e4 Bxf1 9. Kxf1 g6 10. Nge2 Bg7 11. Qc2 Nbd7 12. g3 0-0 13. Kg2 Qb6 14. h3 Rfb8 15. Rb1 Qa5 16. Rd1 Nb6 17. b3 Ra7 18. Qd3 Na8 19. Be3 Nd7 20. Bg5 Kf8 21. Qd2 Nc7 22. Bh6 Nb5 23. Bxg7+ Kxg7 24. Qd3 Ne5 25. Qc2 Na3 26. Qb2 Nxb1 27. Rxb1 Qb4 28. f4 Nd3 29. Qc2 c4 30. bxc4 Nb2 31. Nd4 Ra3 32. Nc6 Qxc3 33. Qxc3+ Rxc3 34. Nxb8 Nxc4 35. Ra1 Na3 36. Nc6 e6 37. Rf1 exd5 38. exd5 Rd3 39. Nb4 Rd4 40. Rf3 Nb5 41. Rb3 Rd2+ 42. Kf1 Nc7 43. Rd3 Rb2 44. Rb3 Rd2 45. Rd3 Rb2 46. Rb3 Rd2 47. Rd3 Rb2 1/2-1/2

[Event "Bykova Memorial op (Women)"]
[Site "Suzdal"]
[Date "2009.12.13"]
[Round "5"]
[White "Mironova, Natalia"]
[Black "Vasiukova, Renata D"]
[Result "1-0"]
[WhiteElo "1863"]
[BlackElo "1983"]
[PlyCount "63"]
[EventDate "2009.12.09"]
[EventType "swiss"]
[EventRounds "9"]
[EventCountry "RUS"]
[SourceTitle "EXT 2011"]
[Source "ChessBase"]
[SourceDate "2010.11.26"]
[SourceVersion "1"]
[SourceVersionDate "2010.11.26"]
[SourceQuality "1"]

1. e4 c6 2. d4 d6 3. Nf3 Bg4 4. Be2 Nf6 5. Nc3 Nbd7 6. 0-0 e5 7. dxe5 Nxe5 8. Nxe5 Bxe2 9. Qxe2 dxe5 10. Qc4 Bd6 11. Bg5 h6 12. Bh4 g5 13. Bg3 Qe7 14. a3 0-0 15. Nd1 Qe6 16. Qe2 Ne8 17. Ne3 Ng7 18. Rad1 f5 19. exf5 Nxf5 20. Qg4 Bc7 21. h4 Ng7 22. hxg5 Qxg4 23. Nxg4 hxg5 24. Rd7 Rac8 25. Bxe5 Bxe5 26. Nxe5 Rce8 27. Nc4 Rf7 28. Rxf7 Kxf7 29. Nd6+ Ke7 30. Nxe8 Kxe8 31. f4 gxf4 32. Rxf4 1-0

[Event "Bykova Memorial op (Women)"]
[Site "Suzdal"]
[Date "2009.12.10"]
[Round "2"]
[White "Mironova, Natalia"]
[Black "Koroteeva, Ksenia"]
[Result "1/2-1/2"]
[WhiteElo "1863"]
[BlackElo "1970"]
[PlyCount "46"]
[EventDate "2009.12.09"]
[EventType "swiss"]
[EventRounds "9"]
[EventCountry "RUS"]
[SourceTitle "EXT 2011"]
[Source "ChessBase"]
[SourceDate "2010.11.26"]
[SourceVersion "1"]
[SourceVersionDate "2010.11.26"]
[SourceQuality "1"]

1. e4 c5 2. Nf3 e6 3. d4 cxd4 4. Nxd4 Nf6 5. Nc3 Nc6 6. Nxc6 bxc6 7. e5 Nd5 8. Ne4 Bb7 9. c4 Nb6 10. Bd3 c5 11. 0-0 Nxc4 12. f4 Qc7 13. Qc2 Nb6 14. Be3 c4 15. Be2 Bxe4 16. Qxe4 Bc5 17. Rac1 Rc8 18. Kh1 Bxe3 19. Qxe3 0-0 20. Rf3 Qc5 21. Qe4 Qc6 22. Qd4 Qc5 23. Qe4 Qc6 1/2-1/2

[Event "Vladimir op-B"]
[Site "Vladimir"]
[Date "2009.08.26"]
[Round "7"]
[White "Frolov, Sergey2222"]
[Black "Mironova, Natalia"]
[Result "1-0"]
[WhiteElo "1898"]
[BlackElo "1823"]
[PlyCount "91"]
[EventDate "2009.08.19"]
[EventType "swiss"]
[EventRounds "9"]
[EventCountry "RUS"]
[SourceTitle "EXT 2012"]
[Source "ChessBase"]
[SourceDate "2011.11.24"]
[SourceVersion "1"]
[SourceVersionDate "2011.11.24"]
[SourceQuality "1"]

1. b3 d5 2. Bb2 c5 3. e3 Nc6 4. Nf3 Nf6 5. d4 Bg4 6. Be2 e6 7. Nbd2 cxd4 8. Nxd4 Nxd4 9. Bxd4 Bxe2 10. Qxe2 Bd6 11. 0-0 0-0 12. c4 e5 13. Bb2 d4 14. exd4 exd4 15. Rad1 d3 16. Qf3 Nd7 17. Qxd3 Nc5 18. Qc3 f6 19. Nf3 Qc7 20. h3 Rfe8 21. Qc2 Rad8 22. Rfe1 Rxe1+ 23. Rxe1 Nd3 24. Rf1 Bc5 25. Ne1 Nb4 26. Qb1 Qd7 27. a3 Nc6 28. b4 Bd4 29. Nf3 Bxb2 30. Qxb2 Qd3 31. c5 Ne7 32. Rb1 Ng6 33. Qb3+ Kh8 34. Qxd3 Rxd3 35. a4 Nf4 36. Re1 Rd8 37. Re7 Rb8 38. b5 Nd5 39. Rd7 Nc3 40. c6 bxc6 41. bxc6 Nxa4 42. c7 Rg8 43. Nd4 Nb6 44. Nc6 Nc8 45. Ne7 Nxe7 46. Rxe7 1-0

[Event "RUS-chB U18"]
[Site "Dagomys"]
[Date "2009.04.23"]
[Round "9"]
[White "Mironova, Natalia"]
[Black "Ismatulaeva, Elmira"]
[Result "1-0"]
[WhiteElo "1848"]
[BlackElo "1979"]
[PlyCount "97"]
[EventDate "2009.04.15"]
[EventType "swiss"]
[EventRounds "9"]
[EventCountry "RUS"]
[SourceTitle "EXT 2010"]
[Source "ChessBase"]
[SourceDate "2010.11.25"]
[SourceVersion "1"]
[SourceVersionDate "2010.11.25"]
[SourceQuality "1"]

1. e4 e6 2. d4 d5 3. Nc3 Nf6 4. Bg5 Be7 5. e5 Nfd7 6. h4 a6 7. Qg4 h5 8. Qg3 Bxg5 9. hxg5 g6 10. Nh3 c5 11. dxc5 Nc6 12. f4 Qa5 13. 0-0-0 Nxc5 14. Kb1 b5 15. Ne2 Ne4 16. Qe3 Bd7 17. Nd4 Qb6 18. Nf2 Nxf2 19. Qxf2 Nxd4 20. Qxd4 Qxd4 21. Rxd4 Ke7 22. Be2 Rhc8 23. Rh3 a5 24. Kc1 b4 25. Kd2 Rab8 26. b3 Rc5 27. c3 Rbc8 28. c4 Bc6 29. g3 Bb7 30. Bd3 dxc4 31. Bxc4 Bg2 32. Rh4 Bd5 33. Kd3 Bxc4+ 34. bxc4 Rd8 35. Rh2 Rxd4+ 36. Kxd4 Rc7 37. c5 Rb7 38. Kc4 b3 39. axb3 Rb4+ 40. Kc3 Kd7 41. Ra2 Rb5 42. Rd2+ Kc6 43. Rd6+ Kxc5 44. Rd7 Rb6 45. Rxf7 Kd5 46. Rf6 Ke4 47. Rxg6 Kf3 48. f5 Kxg3 49. Rxe6 1-0

[Event "RUS-chB U18"]
[Site "Dagomys"]
[Date "2009.04.19"]
[Round "5"]
[White "Mironova, Natalia"]
[Black "Goldaeva, Kseniya"]
[Result "1-0"]
[WhiteElo "1848"]
[BlackElo "1879"]
[PlyCount "37"]
[EventDate "2009.04.15"]
[EventType "swiss"]
[EventRounds "9"]
[EventCountry "RUS"]
[SourceTitle "EXT 2010"]
[Source "ChessBase"]
[SourceDate "2010.11.25"]
[SourceVersion "1"]
[SourceVersionDate "2010.11.25"]
[SourceQuality "1"]

1. e4 c5 2. c3 Nc6 3. d4 cxd4 4. cxd4 d5 5. exd5 Qxd5 6. Nf3 Bg4 7. Be2 e6 8. 0-0 Nf6 9. Nc3 Qd6 10. Be3 a6 11. Qb3 Rb8 12. Rfd1 Nb4 13. d5 Nbxd5 14. Nxd5 Nxd5 15. Qa4+ b5 16. Qxg4 Nxe3 17. fxe3 Qb6 18. Rd3 Bc5 19. Qe4 1-0

[Event "Bykova Memorial op (Women)"]
[Site "Vladimir"]
[Date "2008.12.15"]
[Round "5"]
[White "Koroteeva, Ksenia"]
[Black "Mironova, Natalia"]
[Result "0-1"]
[WhiteElo "1936"]
[BlackElo "1823"]
[PlyCount "82"]
[EventDate "2008.12.10"]
[EventType "swiss"]
[EventRounds "9"]
[EventCountry "RUS"]
[SourceTitle "EXT 2010"]
[Source "ChessBase"]
[SourceDate "2010.11.25"]
[SourceVersion "1"]
[SourceVersionDate "2010.11.25"]
[SourceQuality "1"]

1. e4 e6 2. d4 d5 3. e5 c5 4. c3 Nc6 5. Nf3 Qb6 6. a3 a5 7. Bd3 Bd7 8. Bc2 cxd4 9. cxd4 Nge7 10. Nc3 Ng6 11. 0-0 Be7 12. Ne2 0-0 13. Ng3 Rac8 14. Qd2 f5 15. Nh5 Na7 16. Nxg7 Kxg7 17. Qh6+ Kg8 18. Bg5 Qd8 19. Bb1 Bxg5 20. Nxg5 Qe7 21. Nh3 Qh4 22. Qd2 Rc4 23. f4 Nc6 24. Qe3 Nxd4 25. b3 Nxb3 26. Qxb3 Nxf4 27. Nf2 Rfc8 28. Qxb7 Ne2+ 29. Kh1 Ng3+ 30. Kg1 Nxf1 31. Qxd7 Qxh2+ 32. Kxf1 Rc1+ 33. Ke2 Qxe5+ 34. Be4 R1c2+ 35. Ke3 f4+ 36. Kf3 dxe4+ 37. Nxe4 Qh5+ 38. g4 fxg3+ 39. Kxg3 Qh2+ 40. Kf3 Qh3+ 41. Kf4 e5+ 0-1

[Event "Bykova Memorial op (Women)"]
[Site "Vladimir"]
[Date "2008.12.12"]
[Round "3"]
[White "Baraeva, Irina"]
[Black "Mironova, Natalia"]
[Result "1/2-1/2"]
[WhiteElo "2025"]
[BlackElo "1823"]
[PlyCount "116"]
[EventDate "2008.12.10"]
[EventType "swiss"]
[EventRounds "9"]
[EventCountry "RUS"]
[SourceTitle "EXT 2010"]
[Source "ChessBase"]
[SourceDate "2010.11.25"]
[SourceVersion "1"]
[SourceVersionDate "2010.11.25"]
[SourceQuality "1"]

1. d4 Nf6 2. c4 c5 3. Nf3 cxd4 4. Nxd4 Nc6 5. Nc3 g6 6. e4 Nxd4 7. Qxd4 Bg7 8. Be3 0-0 9. Qd1 d6 10. Be2 Qa5 11. 0-0 Qb4 12. Rb1 Be6 13. a3 Qa5 14. b4 Qd8 15. Qb3 b6 16. f3 Rc8 17. Nb5 Qd7 18. Nd4 Rfd8 19. Rfd1 Ne8 20. Rbc1 Bxd4 21. Bxd4 Qb7 22. Qe3 Rd7 23. Rc3 Rdc7 24. Rdc1 Bd7 25. e5 Ng7 26. Bd3 Re8 27. b5 Bf5 28. Qh6 Bxd3 29. Rxd3 Nf5 30. Qd2 Nxd4 31. exd6 Nxf3+ 32. Rxf3 exd6 33. Qxd6 Rd7 34. Qg3 Qe4 35. h3 Qd4+ 36. Kh1 Red8 37. Rfc3 Qc5 38. Qf3 Qe5 39. c5 bxc5 40. Rxc5 Rd1+ 41. Rxd1 Rxd1+ 42. Qxd1 Qxc5 43. Qd3 Qc1+ 44. Kh2 Qf4+ 45. Kg1 Qc1+ 46. Kf2 Qf4+ 47. Kg1 Qc1+ 48. Kh2 Qf4+ 49. g3 Qf2+ 50. Kh1 Qe1+ 51. Kg2 Qa5 52. Kf3 Qa4 53. Ke3 h5 54. Qd8+ Kh7 55. Qd3 Kg8 56. Kf3 Kg7 57. Qc3+ Kh7 58. Qd3 Kg8 1/2-1/2

[Event "Bykova Memorial op (Women)"]
[Site "Vladimir"]
[Date "2008.12.11"]
[Round "2"]
[White "Mironova, Natalia"]
[Black "Baraeva, Marina"]
[Result "1/2-1/2"]
[WhiteElo "1823"]
[BlackElo "2043"]
[PlyCount "133"]
[EventDate "2008.12.10"]
[EventType "swiss"]
[EventRounds "9"]
[EventCountry "RUS"]
[SourceTitle "EXT 2010"]
[Source "ChessBase"]
[SourceDate "2010.11.25"]
[SourceVersion "1"]
[SourceVersionDate "2010.11.25"]
[SourceQuality "1"]

1. e4 c5 2. c3 d5 3. exd5 Qxd5 4. d4 Nc6 5. Nf3 Bg4 6. dxc5 Qxc5 7. Be3 Qa5 8. Be2 Nf6 9. 0-0 e6 10. Qb3 Qc7 11. Na3 Be7 12. Nb5 Qa5 13. Bf4 Nd5 14. Bg3 0-0 15. Rad1 a6 16. Nbd4 Nxd4 17. Rxd4 Bh5 18. Ra4 Qb6 19. Qxb6 Nxb6 20. Rd4 Bc5 21. Rd2 Nd5 22. Rfd1 h6 23. Nd4 Bxe2 24. Nxe2 b5 25. Nf4 Nf6 26. Nd3 Bb6 27. Ne5 Ne4 28. Rd7 Rad8 29. Kf1 Nc5 30. Rxd8 Rxd8 31. Rxd8+ Bxd8 32. Nc6 Bf6 33. Bd6 Nd3 34. Ba3 Nc1 35. Nb8 a5 36. Nc6 Nxa2 37. Nxa5 Nc1 38. Nb7 Nd3 39. Nc5 Ne5 40. Ne4 Nc4 41. f4 Bd8 42. Nd6 Ne3+ 43. Kf2 Nd5 44. Kf3 Nc7 45. Ke4 f5+ 46. Kd4 Bf6+ 47. Kc5 Nd5 48. Kxb5 Nxf4 49. g3 Nd3 50. Kc6 g6 51. Nc4 g5 52. Kd7 Kf7 53. Nd6+ Kg6 54. Kxe6 f4 55. gxf4 gxf4 56. Ne4 f3 57. Bd6 f2 58. Ng3 Nxb2 59. Kd5 Nd1 60. Ke4 Bxc3 61. Bc5 Be1 62. Kf3 h5 63. Ke2 Nc3+ 64. Kf1 h4 65. Bxf2 Bxf2 66. Kxf2 hxg3+ 67. Kxg3 1/2-1/2

[Event "Kostroma Volga Cup op"]
[Site "Kostroma"]
[Date "2008.07.??"]
[Round "8"]
[White "Antonov, Ivan"]
[Black "Mironova, Natalia"]
[Result "1-0"]
[WhiteElo "2027"]
[BlackElo "1844"]
[PlyCount "35"]
[EventDate "2008.07.??"]
[EventType "swiss"]
[EventRounds "9"]
[EventCountry "RUS"]
[SourceTitle "EXT 2009"]
[Source "ChessBase"]
[SourceDate "2008.11.26"]
[SourceVersion "1"]
[SourceVersionDate "2008.11.26"]
[SourceQuality "1"]

1. Nc3 e5 2. Nf3 d6 3. d4 exd4 4. Nxd4 Nf6 5. Bg5 Be7 6. e3 Nbd7 7. Nf5 Bf8 8. Bd3 h6 9. Bh4 Ne5 10. 0-0 Nxd3 11. Qxd3 g5 12. Bg3 a6 13. e4 Bxf5 14. exf5 Bg7 15. Rfe1+ Kd7 16. Nd5 Re8 17. Rxe8 Qxe8 18. Nxc7 1-0

[Event "Bykova Memorial op (Women)"]
[Site "Vladimir"]
[Date "2007.12.23"]
[Round "10"]
[White "Mironova, Natalia"]
[Black "Scherbakova, Alisa"]
[Result "1-0"]
[WhiteElo "1817"]
[BlackElo "1931"]
[PlyCount "93"]
[EventDate "2007.12.14"]
[EventType "swiss"]
[EventRounds "10"]
[EventCountry "RUS"]
[SourceTitle "CBM 122 Extra"]
[Source "ChessBase"]
[SourceDate "2008.03.04"]
[SourceVersion "1"]
[SourceVersionDate "2008.03.04"]
[SourceQuality "1"]

1. e4 e6 2. d4 d5 3. Nd2 c5 4. exd5 Qxd5 5. Ngf3 cxd4 6. Bc4 Qd6 7. 0-0 Nf6 8. Re1 Nc6 9. Nb3 a6 10. Nbxd4 Nxd4 11. Qxd4 Qxd4 12. Nxd4 Bd7 13. Bd2 Rc8 14. Be2 Bc5 15. Nb3 Bb6 16. Bd3 0-0 17. h3 Bc6 18. Na5 Bd5 19. b3 Rfd8 20. Re2 Bd4 21. Rd1 b6 22. Nc4 Bxc4 23. Bxc4 b5 24. Bd3 h6 25. c3 Bxf2+ 26. Kxf2 Rxd3 27. Re3 Rd5 28. Re2 Rcd8 29. Ke1 R5d7 30. Rc1 Nh5 31. Be3 Rd3 32. Kf2 Rc8 33. Rec2 e5 34. Ke2 e4 35. c4 b4 36. c5 Nf6 37. Rc4 a5 38. c6 Rd6 39. Bf4 Rdd8 40. Be5 Re8 41. Rc5 Re6 42. c7 Kf8 43. Rxa5 Nd7 44. Bg3 Rb6 45. Rd5 Rb7 46. Rxd7 Ke8 47. Rcd1 1-0

[Event "Bykova Memorial op (Women)"]
[Site "Vladimir"]
[Date "2007.12.15"]
[Round "2"]
[White "Mironova, Natalia"]
[Black "Butneva, Larisa"]
[Result "0-1"]
[WhiteElo "1817"]
[BlackElo "1925"]
[PlyCount "114"]
[EventDate "2007.12.14"]
[EventType "swiss"]
[EventRounds "10"]
[EventCountry "RUS"]
[SourceTitle "CBM 122 Extra"]
[Source "ChessBase"]
[SourceDate "2008.03.04"]
[SourceVersion "1"]
[SourceVersionDate "2008.03.04"]
[SourceQuality "1"]

1. e4 c5 2. c3 d5 3. exd5 Qxd5 4. d4 Nf6 5. Nf3 Bg4 6. Be2 e6 7. Na3 cxd4 8. Nb5 Na6 9. Nbxd4 Nc7 10. Bf4 0-0-0 11. Qa4 a6 12. 0-0 Bd6 13. Bxd6 Rxd6 14. Rad1 Qh5 15. Nc2 Rhd8 16. Ne3 Bxf3 17. Bxf3 Qb5 18. Qc2 Rxd1 19. Bxd1 h6 20. Be2 Qg5 21. c4 Qc5 22. Bf3 Rd4 23. Qb3 b6 24. Qc3 a5 25. a3 Na6 26. Rb1 Qd6 27. b4 Rd3 28. Qc2 Rxa3 29. bxa5 Rxa5 30. Qb3 Kc7 31. Nc2 Nc5 32. Qb2 Na4 33. Qb3 Nc5 34. Qe3 Qd3 35. Qe5+ Qd6 36. Qe1 e5 37. Rd1 Qe7 38. Nd4 Ra4 39. Nc6 Qe6 40. Nxe5 Nfd7 41. Nxd7 Qxe1+ 42. Rxe1 Kxd7 43. Bd5 f6 44. h3 Ra2 45. Rd1 Kc7 46. Re1 Kd6 47. Rb1 Kc7 48. Rd1 Rb2 49. Bf7 Ne4 50. f3 Nc3 51. Rf1 Ne2+ 52. Kh2 Nf4 53. Rg1 Rd2 54. Kh1 Kd6 55. h4 g5 56. hxg5 hxg5 57. g3 Nd3 0-1